| 000 | 00771nam a2200241Ia 4500 | ||
|---|---|---|---|
| 003 | OSt | ||
| 005 | 20220923220449.0 | ||
| 006 | a|||||r|||| 00| 0 | ||
| 007 | ta | ||
| 008 | 220922b |||||||| |||| 00| 0 hin d | ||
| 024 | _a186,775 | ||
| 037 | _cTextual | ||
| 040 |
_aARTS _cARTS _bhin |
||
| 041 |
_2hin _ahin |
||
| 082 | _aX:3M24xM18:g, 152L3 | ||
| 100 | _aशािश भूषण | ||
| 245 | 0 | _aमार्क्स और गांधीजी | |
| 246 | _aMārksa aur gāandhījī | ||
| 260 |
_aनई दिल्ली _b सामाजवादी शिक्षा प्रकाशन _c1973 |
||
| 300 |
_a185 पृ. _ccm. |
||
| 942 |
_hX:3M24xM18:g, 152L3 _cTEXL _2CC |
||
| 999 |
_c340018 _d340018 |
||